000 00345nam a2200145 4500
008 170216s1994||||xo d
245 1 0 _aMatematika pre 3. roc gymnázií
250 _a3. vydanie
260 _bSvornost
_aBratislava
_c1994
300 _a78 s.
020 _a80-08-02416-X
_c0
041 1 _aslo
044 _axo
_cSK
958 _aAPR
999 _c21303
_d21303